000 00856nam a22002537a 4500
003 KOHA_MİRAKIL
005 20260424093632.0
008 260421b tu ||||| |||| 00| 0 tur d
020 _a9786059706544
040 _aTR-AnABB
_btur
_cTR-AnABB
041 _atur
082 _a362.880 956
_bSIP 2016
100 1 _aSipahi, Esra Banu
245 1 0 _aSuç korkusu :
_bTürkiye kentlerinde bir alan araştırması /
_cEsra Banu Sipahi
260 _aKonya :
_bÇizgi Kitabevi,
_c2016
300 _a189 sayfa ;
_c20 cm
490 0 _aÇizgi kitabevi yayınevi ;
_v664
504 _aKaynakça 169-176 sayfaları arasındadır
505 _aİçindekiler: Kent ve Suç Korkusu - Türkiye Kentlerinde Suç Korkusu
650 0 4 _aSosyoloji, Kent, Türkiye
650 0 4 _aSosyoloji
900 _bCan ÇELIK
942 _2ddc
_cBK
999 _c10305
_d10305